000 00671npc a2200217Ia 4500
001 dd2-603 [d000000514]
003 IT-MiCISF
008 161014s9999||||xx | und||
040 _aIT-MiCISF
_cIT-MiCISF
041 _aen
100 _aHolmberg Ulla (a cura di)
240 _aConciliation in Stockholm
245 0 _aConciliation in Stockholm
_bA Project Summary
250 _a1a ed.
260 _a Stockholm
_bFamily Counselling Centre
_c1987
300 _ap. 32
500 _a / famiglia, servizi, divorzio, mediazione, consulenza, tecniche-di-consulenza, rapporti-operatori-utenti /
650 _adivorzio
942 _cDD
957 _71
999 _a603
_bsi
_g1
_c208204
_d208204